Registro de proyectos de investigación sobre desarrollo en América Latina /
Guardado en:
| Autores Corporativos: | , |
|---|---|
| Formato: | Texto |
| Publicado: |
Paris:
OECD
|
| Etiquetas: |
Agregar Etiqueta
Sin Etiquetas, Sea el primero en etiquetar este registro!
|
MARC
| LEADER | 00000 a a2200000 04500 | ||
|---|---|---|---|
| 001 | 23453 | ||
| 003 | |||
| 040 | |||
| 090 | |a 163500 | ||
| 110 | |a International Development Information Network IDIN | ||
| 245 | |a Registro de proyectos de investigación sobre desarrollo en América Latina / |c International Development Information Network IDIN | ||
| 260 | |a Paris: |b OECD | ||
| 300 | |a 458 p. | ||
| 710 | |a OECD |a CLACSO | ||
| 999 | |c 2636 |d 2636 | ||
